000 00711nam a2200157 i 4500
001 170852
003 ES-MaACL
005 20230906214458.0
008 090413s1878 sp |||| | spa d
100 1 _aVélez, Gerardo.
_9139769
245 1 0 _aEntre dos fuegos
_b: disparate cómico en un acto y en prosa /
_cpor Gerardo Vélez.
260 _aMadrid :
_b[s.n.],
_c1878 (
_fImpr. de José Rodríguez)
300 _a30 p. ;
_c19 cm.
500 _aEn port.: Estrenado con gran aplauso en el Teatro Variedades en noviembre de 1874.
852 _aES-MaACL
_jF-8561(7)
_zEnc. pasta española
_q.- Falto de la cub. original
_z.- Enc. en vol. facticio formando parte de la col. facticia "Teatro español moderno", vol. 12
999 _c170852
_d170852